[Event "EU-ch Schools U15"]
[Site "Tornelo INT"]
[Date "2021.12.05"]
[Round "6"]
[White "Asgarov, Mahammad"]
[Black "Gogia, Alexandre"]
[Result "0-1"]
[WhiteElo "1158"]
[BlackElo "1375"]
[PlyCount "94"]
[EventDate "2021.12.03"]
[EventType "swiss (rapid)"]
[EventRounds "7"]
[EventCountry "NET"]
[SourceTitle "EXT 2023"]
[Source "ChessBase"]
[SourceDate "2022.10.05"]
[SourceVersion "1"]
[SourceVersionDate "2022.10.05"]
[SourceQuality "1"]

1. e3 d5 2. c4 c6 3. Nc3 Nf6 4. Nf3 Bf5 5. d4 Nbd7 6. b3 e6 7. Bb2 h6 8. Be2 Bb4 9. a3 Bxc3+ 10. Bxc3 Ne4 11. Bb2 0-0 12. Nd2 Qg5 13. Rg1 Qh4 14. Nxe4 Qxh2 15. Kf1 Bxe4 16. f3 Bg6 17. Kf2 f5 18. Rh1 Qc7 19. c5 b6 20. b4 f4 21. Bc1 fxe3+ 22. Bxe3 bxc5 23. bxc5 e5 24. g3 Rae8 25. dxe5 Nxe5 26. Bf4 Qe7 27. Qd4 Ng4+ 28. fxg4 Qxe2+ 29. Kg1 Be4 30. Rh2 Qxg4 31. Rh4 Qf3 32. Rh2 Rxf4 33. gxf4 Qg3+ 34. Kf1 Qxh2 35. Qg1 Qxf4+ 36. Qf2 Bd3+ 37. Kg1 Qg4+ 38. Qg2 Qd4+ 39. Kh2 Qxa1 40. Kg3 Qe5+ 41. Kh3 Qh5+ 42. Kg3 Re3+ 43. Kf4 Qe5+ 44. Kg4 Bf5+ 45. Kh4 Re4+ 46. Qxe4 Qxe4+ 47. Kg3 Qg4+ 0-1

[Event "EU-ch Hybrid U16"]
[Site "Tornelo INT"]
[Date "2021.10.15"]
[Round "5"]
[White "Asgarov, Mahammad"]
[Black "Petreski, Leonid"]
[Result "0-1"]
[WhiteElo "1078"]
[BlackElo "1817"]
[PlyCount "72"]
[EventDate "2021.10.15"]
[EventType "swiss"]
[EventRounds "9"]
[EventCountry "NET"]
[SourceTitle "EXT 2023"]
[Source "ChessBase"]
[SourceDate "2022.10.05"]
[SourceVersion "1"]
[SourceVersionDate "2022.10.05"]
[SourceQuality "1"]
[WhiteTeam "Azerbaijan"]
[BlackTeam "Macedonia"]
[WhiteTeamCountry "AZE"]
[BlackTeamCountry "MKD"]

1. e3 b6 2. d4 Bb7 3. Nf3 Nf6 4. c4 e6 5. a3 Be7 6. Nc3 0-0 7. Be2 d5 8. cxd5 Nxd5 9. 0-0 Nd7 10. Bd3 N7f6 11. Re1 Nxc3 12. bxc3 c5 13. Ne5 Rc8 14. Bb2 Nd7 15. Nxd7 Qxd7 16. c4 Bf6 17. Qc2 g6 18. Rad1 cxd4 19. exd4 Bg7 20. h3 Rfd8 21. Kh2 Qc6 22. d5 Qc7+ 23. g3 Bxb2 24. Qxb2 exd5 25. cxd5 Bxd5 26. Qf6 Rd6 27. Qb2 Bc6 28. Ba6 Rcd8 29. Rc1 Qd7 30. Bc4 Qf5 31. Re7 Rf8 32. Rg1 Rf6 33. f4 Qc5 34. Rge1 Rd6 35. Bb3 Rd3 36. Rxa7 Rxb3 0-1

[Event "EU-ch Hybrid U16"]
[Site "Tornelo INT"]
[Date "2021.10.15"]
[Round "4"]
[White "Christodoulou, Panormitis"]
[Black "Asgarov, Mahammad"]
[Result "1-0"]
[WhiteElo "1919"]
[BlackElo "1078"]
[PlyCount "109"]
[EventDate "2021.10.15"]
[EventType "swiss"]
[EventRounds "9"]
[EventCountry "NET"]
[SourceTitle "EXT 2023"]
[Source "ChessBase"]
[SourceDate "2022.10.05"]
[SourceVersion "1"]
[SourceVersionDate "2022.10.05"]
[SourceQuality "1"]
[WhiteTeam "Greece"]
[BlackTeam "Azerbaijan"]
[WhiteTeamCountry "GRE"]
[BlackTeamCountry "AZE"]

1. e4 c5 2. Nf3 Nc6 3. Bb5 e6 4. 0-0 a6 5. Bxc6 bxc6 6. e5 Be7 7. Nc3 f6 8. Re1 Qc7 9. d3 fxe5 10. Nxe5 Nf6 11. Bf4 d6 12. Nc4 0-0 13. Bg3 e5 14. h3 Be6 15. b3 Nd7 16. Qe2 Rae8 17. Rf1 Bf6 18. Rae1 Nb6 19. Nxb6 Qxb6 20. Ne4 Be7 21. Kh2 Bf5 22. c4 Qa5 23. Qc2 Bxe4 24. dxe4 Bg5 25. Rd1 Rd8 26. Rd3 Bf4 27. Bxf4 Rxf4 28. Rfd1 Rf6 29. Qe2 g6 30. R1d2 Qc7 31. Qd1 Kf8 32. Qe1 Kg7 33. Qe3 h6 34. g3 Qf7 35. Kg2 g5 36. Qe2 Qg6 37. Rf3 Rxf3 38. Qxf3 Qf6 39. Qe3 Kf7 40. Qe2 Ke7 41. a3 a5 42. Qe3 Qg6 43. f3 h5 44. Rf2 Rf8 45. Kh2 Qf6 46. Qd2 g4 47. Qxa5 gxf3 48. Qc7+ Ke6 49. h4 Qg6 50. Qxc6 Qg4 51. Rd2 f2 52. Qxd6+ Kf7 53. Rxf2+ Kg7 54. Qxf8+ Kg6 55. Rf6+ 1-0